| 000 | 00826cam a22002291 4500 | ||
|---|---|---|---|
| 001 | ne 63002525 | ||
| 003 | DLC | ||
| 005 | 20260227111753.0 | ||
| 008 | 890607s1962 le 000 0 ara | ||
| 010 | _ane 63002525 | ||
| 025 | _aPL480:UAR-2091 | ||
| 035 | _a(OCoLC)19830394 | ||
| 040 |
_aDLC _cWaU _dWaU _dDLC |
||
| 042 | _apremarc | ||
| 050 | 0 | 0 |
_aB753.G33 _bT3 1962 |
| 100 | 1 |
_aGhazzālī, _d1058-1111. |
|
| 245 | 1 | 0 |
_aTahāfut al-falāsifah _c[allafahu] Abū Ḥāmid Muḥammad al-Ghazzālī. Ḥaqqaqahu wa-waqafa ʻalá ṭabʻihi Mūrīs Buwīj fī ṭabʻah ūlá sanat 1927 wa-uʻīdu ṭabʻuhu maṣdaran bi-dirāsah li-Mājid Fakhrī. |
| 250 | _a[al-Ṭabʻah al-thāniyah] | ||
| 260 |
_aBayrūt, _bal-Maṭbaʻah al-Kāthūlīkīyah, _c1962. |
||
| 300 |
_a256 p. _c24 cm. |
||
| 650 | 0 | _aIslam and philosophy. | |
| 999 |
_c46486 _d46486 |
||